الإحصائيات لـ هل يمكنك تخمين الدول الأقرب لمصر؟

أنقر هنا لكي تخضع للإختبار!

الإحصائيات العامة

  • هذا الإختبار تم الخضوع له 262 مره
  • الدرجة المتوسطة هي 9 من 16

إحصائيات الإجابة

المسافةالدولة% صحيح
0 كمليبيا
98%
0 كم(غزة)اسرائيل
93%
0 كمالسودان
93%
1622.23 كمالمملكة العربية السعودية
90%
618.08 كمسوريا
83%
590 كملبنان
80%
1281.06 كمالعراق
78%
500 كمالاردن
72%
1042.09 كمتركيا
70%
1616.12 كمالكويت
53%
607.74 كمقبرص
51%
1109.65 كماليونان
49%
1624.68 كمألبانيا
11%
1594.67 كممقدونيا الشمالية
8%
1668.77 كمكوسوفو
6%
1686.50 كممالطة
4%

توزيع النقاط

النسبة وفقا للأرقام

نسبة الأشخاص لكل درجة

سجل النقاط الخاصة بك

لم تضخع لهذا الإختبار